000 00297 a2200121 4500
000 nam a22 7a 4500
005 20260206100628.0
020 _a9789348650283
100 _aEd. Nishant
_91114031
245 _a75 Kavitayen : Nagarjun
260 _bNayee Kitab Prakashan
_c2025
942 _cTEXL
999 _c1678736
_d1678736